100 jugadores de la Selección Española por foto - Estadísticas

Estadísticas generales
  • Esta prueba ha sido intentada 1.205 veces
  • La puntuación promedio es 59 de 100
Estadísticas de respuestas
Imagen Respuesta % Correcto
Andrés Iniesta
100%
Gerard Piqué
97%
Carles Puyol
96%
David Villa
96%
Sergio Ramos
95%
Xavi
93%
Iker Casillas
92%
Jordi Alba
90%
Sergio Busquets
90%
Álvaro Morata
87%
Raúl
87%
Dani Carvajal
86%
Dani Olmo
86%
David De Gea
86%
Fernando Hierro
85%
Pedri
85%
Unai Simón
85%
David Silva
84%
Xabi Alonso
84%
Fernando Torres
83%
Gavi
83%
Luis Enrique
83%
Ansu Fati
82%
Aymeric Laporte
82%
Marco Asensio
82%
Pep Guardiola
81%
Rodri
81%
Cesc Fàbregas
80%
Isco
80%
Víctor Valdés
80%
Koke
79%
Iago Aspas
78%
Jesús Navas
78%
Pepe Reina
78%
Ferrán Torres
77%
Lucas Vázquez
77%
Mikel Oyarzabal
77%
Diego Costa
76%
Juanfran
76%
Pedro
76%
Joaquín
75%
Santi Cazorla
75%
Marcos Llorente
74%
Emilio Butragueño
73%
Kepa
71%
Thiago Alcántara
71%
Joselu
70%
Marc Bartra
70%
Juan Mata
69%
Carlos Soler
68%
César Azpilicueta
66%
Fernando Llorente
64%
Pablo Sarabia
64%
Gerard Moreno
63%
José Luis Gayà
62%
Saúl Ñíguez
62%
Javi Martínez
61%
Raúl Albiol
60%
Joan Capdevila
59%
Nolito
59%
Pau Torres
59%
Alfredo Di Stéfano
58%
Álvaro Arbeloa
58%
Santiago Cañizares
58%
Álvaro Negredo
56%
Aritz Aduriz
56%
Marcos Senna
54%
Rodrigo Moreno
52%
Andoni Zubizarreta
50%
Fernando Morientes
50%
Luis Suárez
50%
José Antonio Reyes
49%
Carlos Marchena
45%
Paco Gento
39%
Lobo Carrasco
36%
Andoni Iraola
30%
Luis Aragonés
27%
Kiko Narváez
26%
Luis Arconada
26%
Manolo Sanchís
26%
Juan Carlos Valerón
25%
Julen Guerrero
19%
Julio Salinas
19%
Chapi Ferrer
17%
Míchel González
16%
Quini
14%
Ricardo Zamora
14%
Miguel Ángel Nadal
13%
Carlos Santillana
12%
Rafael Gordillo
12%
Sergi Barjuán
12%
Diego Tristán
11%
José Luis Caminero
11%
José Mari Bakero
11%
Pirri
10%
Paco Buyo
9%
Telmo Zarra
9%
Amancio Amaro
7%
Andoni Goikoetxea
5%
Zoco
2%
No se encontraron pruebas coincidentes
Distribución de puntuación
Porcentaje de gente con cada puntuación
Porcentaje por número respondido
Historial de tus puntuaciones
No has intentado esta prueba.